Statistics for Taylor Swift - Treacherous Lyrics

Click here to take the quiz!

General Stats

  • This quiz has been taken 49 times
  • The average score is 243 of 273

Answer Stats

Answer% Correct
a
100%
I-
100%
I
100%
treacherous
100%
and
96%
And
96%
is
96%
the
96%
This
96%
do
93%
it
93%
like
93%
reckless
93%
slope
93%
you
93%
as
89%
As
89%
get
89%
headlights
89%
I'll
89%
my
89%
shine
89%
they
89%
through
89%
to
89%
will
89%
Your
89%
your
89%
alone
86%
But
86%
dangerous
86%
don't
86%
follow
86%
home
86%
I'd
86%
night
86%
of
86%
path
86%
sleepless
86%
That
86%
too
86%
Two
86%
we
86%
with
86%
All
82%
anything
82%
are
82%
away
82%
be
82%
can't
82%
eye
82%
going
82%
hands
82%
hear
82%
if
82%
If
82%
it's
82%
just
82%
know
82%
lips
82%
long
82%
mind
82%
mine
82%
Out
82%
Put
82%
quicksand
82%
say
82%
should
82%
smart
82%
think
82%
'Til
82%
walk
82%
worth
82%
you're
82%
close
79%
daydream
79%
echoed
79%
flow
79%
focus
79%
friction
79%
gravity's
79%
has
79%
much
79%
name
79%
nothing
79%
skin
79%
touch
79%
would
79%
along
75%
Asking
75%
bone
75%
choice
75%
decide
75%
drive
75%
Forever
75%
Getting
75%
hope
75%
own
75%
safe
75%
sound
75%
stay
75%
swept
75%
Trained
75%
voice
75%

Score Distribution

Percentile by Number Answered

Percent of People with Each Score

Your Score History

You have not taken this quiz